New Zealand Top 50 Female Athletes - Statistics

General Stats
  • This quiz has been taken 7 times
  • The average score is 16 of 51
Answer Stats
athlete sport % Correct
Valerie Adams Athletics
86%
Lisa Carrington Kayaking
86%
Eliza McCartney Athletics
71%
Lydia Ko Golf
71%
Irene van Dyk Netball
71%
Portia Woodman Rugby Union
71%
Lauren Boyle Swimming
71%
Anne Audain Athletics
57%
Lorraine Moller Athletics
57%
Sarah Ulmer Cycling
57%
Rita Fatialofa Netball; Softball
57%
Sophie Pascoe Para swimming
57%
Georgina & Caroline Evers-Swindell Rowing
57%
Yvette Williams Athletics
43%
Allison Roe Athletics
43%
Abby Erceg Football
43%
Lois Muir Netball
43%
Louisa Wall Netball; Rugby Union
43%
Farah Palmer Rugby Union
43%
Annelise Coberger Skiing
43%
Susan Devoy Squash
43%
Erin Baker Triathlon; Ironman
43%
Sarah Walker BMX
29%
Barbara Kendall Boardsailing
29%
Debbie Hockley Cricket
29%
Zoi Sadowski-Synnott Snowboarding
29%
Gina Weber Softball
29%
Laurel Hubbard Weightlifting
29%
Lesley Egnot Yachting
29%
Neroli Fairhall Archery
14%
Valerie Young Athletics
14%
Stacey Michelsen Hockey
14%
Linda Jones Horse racing
14%
Elsie Wilkie Lawn Bowls
14%
Sybil Lupp Motorsport
14%
Heather Spurle Motorsport
14%
Eve Rimmer Para athletics
14%
Paige Hareb Surfing
14%
Philippa Gould Swimming
14%
Meda McKenzie Swimming
14%
Madonna Harris Cycling; Skiing
0%
Caroline Powell Equestrian
0%
Michelle Cox Football
0%
Marilyn Smith Golf
0%
Jane Thomson Mountaineering
0%
Laura Mariu Rugby League
0%
Violet Walrond Swimming
0%
Jean Stewart Swimming
0%
Ruia Morrison Tennis
0%
Judy Chaloner Tennis
0%
Naomi James Yachting
0%
No matching quizzes found
Score Distribution
Percent of People with Each Score
Percentile by Number Answered
Your Score History
You have not taken this quiz